Uplatnenie dobrovoľných nástrojov environmentálnej politiky v podnikovej praxi - prípadová štúdia

Dobrovoľné nástroje environmentálnej politiky. Vybrané nástroje vhodné pre aplikáciu v skúmanej spoločnosti - systém environmentálneho manažérstva, hodnotenie environmentálneho správania a Bluesign. Problematika dobrovoľných nástrojov environmentálneho manažérstva v slovenskej pobočke vybranej spolo...

Full description

Saved in:
Bibliographic Details
Main Author: Rovňák, Martin
Format: Book Chapter
Language:Slovak
Subjects:
Tags: Add Tag
No Tags, Be the first to tag this record!

MARC

LEADER 00000naa a2200000 4500
001 0273126
005 20210419113305.9
041 0 |a slo 
044 |a SK 
245 1 0 |a Uplatnenie dobrovoľných nástrojov environmentálnej politiky v podnikovej praxi - prípadová štúdia  |c Martin Rovňák 
520 |a Dobrovoľné nástroje environmentálnej politiky. Vybrané nástroje vhodné pre aplikáciu v skúmanej spoločnosti - systém environmentálneho manažérstva, hodnotenie environmentálneho správania a Bluesign. Problematika dobrovoľných nástrojov environmentálneho manažérstva v slovenskej pobočke vybranej spoločnosti NF a.s.. 
610 2 0 |a politika environmentálna 
610 2 0 |a podnik 
610 2 0 |a ochrana prostredia životného 
100 1 |a Rovňák, Martin